000 02938cam a2200457 4500500
005 20251228070527.0
041 _afre
042 _adc
100 1 0 _aLimare, Antoine
_eauthor
245 0 0 _aLes catholiques de Seine-Inférieure face à la condamnation de l’Action française par le pape en 1926
260 _c2022.
500 _a73
520 _aEn 1926, l’Action française est condamnée par le pape Pie XI, ce qui provoque un tournant décisif pour la ligue nationaliste et pour le comportement politique des catholiques français. En Seine-Inférieure, les répercussions de cette décision sont remarquables en raison de la proximité de l’archevêque de Rouen, André du Bois de La Villerabel, avec la ligue monarchiste. Cette dernière connaît durant les années 1920 son apogée politique et culturel dans les milieux conservateurs et catholiques. Dès lors, l’intervention pontificale bouleverse les relations entre le clergé, ses fidèles et les ligueurs maurrassiens dans un département encore marqué par un catholicisme politique. La condamnation pontificale tarde à s’imposer et les réactions contradictoires qu’elle suscite ont des conséquences à long terme sur l’audience de l’Action française en Seine-Inférieure.
520 _aIn 1926, Action française was condemned by Pope Pius XI, which marks a turning point for the nationalist league and for the political actions of French Catholics. In Seine-Inférieure, owing to the proximity of the archbishop of Rouen, André du Bois de La Villerabel, to the monarchist league the repercussions of this decision are remarkable. This league, during the 1920s, reached its political and cultural peak in conservative and Catholic circles. From then on, the papal intervention overturned the relations between the clergy, their followers and the Maurrassian leaguers in a department still marked by political Catholicism. The political condemnation was slow to take hold and the contradictory reactions it provoked had long-term consequences on the audience of Action Française in Seine-Inférieure.
690 _aAction française
690 _acatholicisme
690 _adroite
690 _aLa Villerabel
690 _aMaurras
690 _anationalisme
690 _apape
690 _aPie XI
690 _apolitique
690 _areligion
690 _aRouen
690 _aSeine-Inférieure
690 _aAction Française
690 _acatholicism
690 _aLa Villerabel
690 _aMaurras
690 _anationalism
690 _aPius XI
690 _apolitics
690 _apope
690 _areligion
690 _aright wing
690 _aRouen
690 _aSaine-Inférieure
786 0 _nAnnales de Normandie | 72e Aée | 1 | 2022-05-17 | p. 165-185 | 0003-4134
856 4 1 _uhttps://shs.cairn.info/revue-annales-de-normandie-2022-1-page-165?lang=fr&redirect-ssocas=7080
999 _c1593057
_d1593057